Languages With 1M+ Wikipedia Articles - Statistics

General Stats
  • This quiz has been taken 111 times
  • The average score is 14 of 17
Answer Stats
Rank Language Articles % Correct
1 English 6,156,000
100%
9 Spanish 1,625,000
98%
5 French 2,248,000
97%
4 German 2,478,000
96%
14 Chinese 1,145,000
95%
7 Russian 1,659,000
95%
17 Portuguese 1,043,000
94%
16 Arabic 1,064,000
91%
8 Italian 1,634,000
90%
13 Japanese 1,227,000
86%
10 Polish 1,426,000
83%
3 Swedish 3,676,000
83%
6 Dutch 2,031,000
82%
18 Ukrainian 1,042,000
66%
12 Vietnamese 1,255,000
56%
2 Cebuano 5,362,000
34%
11 Waray 1,264,000
22%
No matching quizzes found
Score Distribution
Percent of People with Each Score
Percentile by Number Answered
Your Score History
You have not taken this quiz